<?xml version="1.0" encoding="UTF-8"?>
<marc:record xmlns:marc="http://www.loc.gov/MARC21/slim">
   <marc:leader>00000nam a2200000 a 4500</marc:leader>
   <marc:datafield ind1="1" ind2=" " tag="100">
      <marc:subfield code="a">Hanslick, Eduard</marc:subfield>
      <marc:subfield code="4">aut</marc:subfield>
      <marc:subfield code="e">Verfasser/-in</marc:subfield>
   </marc:datafield>
   <marc:datafield ind1="1" ind2=" " tag="100">
      <marc:subfield code="a">Strauß, Dietmar</marc:subfield>
      <marc:subfield code="4">edt</marc:subfield>
      <marc:subfield code="e">Bearbeiter/-in</marc:subfield>
   </marc:datafield>
   <marc:datafield ind1="1" ind2=" " tag="100">
      <marc:subfield code="a">Lomnäs, Bonnie</marc:subfield>
      <marc:subfield code="4">ctb</marc:subfield>
      <marc:subfield code="e">Mitwirkende/-r</marc:subfield>
   </marc:datafield>
   <marc:datafield ind1="0" ind2="0" tag="245">
      <marc:subfield code="a">Sämtliche Schriften</marc:subfield>
   </marc:datafield>
   <marc:datafield ind1="0" ind2="0" tag="245">
      <marc:subfield code="c">Eduard Hanslick. Hrsg. und kommentiert von Dietmar Strauß</marc:subfield>
   </marc:datafield>
   <marc:datafield ind1=" " ind2="1" tag="264">
      <marc:subfield code="a">Wien</marc:subfield>
      <marc:subfield code="b">Böhlau</marc:subfield>
      <marc:subfield code="c">2011</marc:subfield>
   </marc:datafield>
   <marc:datafield ind1="1" ind2=" " tag="520">
      <marc:subfield code="a">Angaben aus der Verlagsmeldung

Eduard Hanslick. Sämtliche Schriften. Historisch-kritische Ausgabe : Band I/7. Aufsätze und Rezensionen 1864-1865

Der siebente Band der neuen historisch-kritischen Gesamtausgabe der Schriften von Eduard Hanslick enthält Texte der Jahre 1864 bis 1865. Es sind überwiegend Beiträge aus der Wiener „Presse“ und der „Neuen Freien Presse“, zu der Hanslick mit der Gründung im Jahr 1864 wechselte.
Inhaltlich sind die Texte weit gestreut. Neben Tageskritiken stehen grundsätzliche musikästhetische Essays, Gedanken zur italienischen Oper in Wien, kulturhistorische Darstellungen, aber auch grundsätzliche Reflexionen zum aktuellen Wiener Konzertleben. Insbesondere seine Forschungen zur Wiener Musikgeschichte, die zu der 1869 erschienenen „Geschichte des Concertwesens in Wien“ führen, sind in dieser Zeit mit verschiedenen Einzelessays dokumentiert.
</marc:subfield>
   </marc:datafield>
   <marc:datafield ind1=" " ind2=" " tag="020">
      <marc:subfield code="a">9783205980216</marc:subfield>
      <marc:subfield code="9">9783205980216</marc:subfield>
   </marc:datafield>
   <marc:datafield ind1=" " ind2=" " tag="020">
      <marc:subfield code="a">3205787366</marc:subfield>
      <marc:subfield code="9">3205787366</marc:subfield>
   </marc:datafield>
   <marc:datafield ind1=" " ind2=" " tag="041">
      <marc:subfield code="a">ger</marc:subfield>
   </marc:datafield>
   <marc:datafield ind1=" " ind2=" " tag="300">
      <marc:subfield code="a">606 S.</marc:subfield>
   </marc:datafield>
</marc:record>
